| 000 | 00000nam##2200000za#4500 |
| 001 | 9.643641 |
| 003 | CaOODSP |
| 005 | 20210624224249 |
| 007 | cr ||||||||||| |
| 008 | 150407|2009||||xxc|||||o f|0| 0 fre|d |
| 040 | |aCaOODSP|bfre |
| 043 | |an-cn--- |
| 086 | 1 |aH128-1/08-563F-PDF |
| 110 | 1 |aCanada.|bSanté Canada. |bSécurité des produits de consommation. |
| 245 | 10|aGuide sur les exigences canadiennes relatives aux bijoux pour enfants à l'intention de l'industrie |h[ressource électronique] |
| 260 | |aOttawa - Ontario : |bSanté Canada. |cc2009. |
| 300 | |a21p.|btableaux, photographies |
| 500 | |aLe n° de catalogue (H128-1/08-563) et l'ISBN (978-0-662-06383-4) de l'édition imprimée bilingue ont été incorrectement copiés dans l'édition électronique. |
| 590 | |a14-14-Supp|b2014-07-24 |
| 691 | 07|aJoaillerie|2gcpds |
| 691 | 07|aLégislation|2gcpds |
| 691 | 07|aSécurité de l'enfant|2gcpds |
| 775 | 08|tIndustry guide to Canadian requirements for children's jewellery |w(CaOODSP)9.699665 |
| 856 | 40|ahttp://publications.gc.ca|qPDF|s244 Ko|uhttps://publications.gc.ca/collections/collection_2014/sc-hc/H128-1-08-563-fra.pdf |
| 986 | |aSC Pub. : 4414 |